000 00563cam a2200205 4500
001 D3431
008 090401t1970 xxu||||| |||| 00| 0 eng d
035 _a(Sirsi) u73291
041 _aeng
050 _a333.3320212
100 _aEllwood, L.W.
245 _aEllwood tables for real estate appraising and financing
250 _a3rd
260 _aChicago
_bAmerican Institute of Real Estate Apprai
_c1970
300 _a25cm
350 _a12.65
520 _a2 vols (Vol 2 looseleaf): plastic Investment Analysis Curve
942 _n0
948 _c04/03/1997
999 _c95569
_d95569